<?xml version="1.0" encoding="UTF-8"?>
<record
    xmlns:xsi="http://www.w3.org/2001/XMLSchema-instance"
    xsi:schemaLocation="http://www.loc.gov/MARC21/slim http://www.loc.gov/standards/marcxml/schema/MARC21slim.xsd"
    xmlns="http://www.loc.gov/MARC21/slim">

  <leader>02133nam a2200241Ia 4500</leader>
  <controlfield tag="001">IA_Resultando de manera positiva la factibilidad econ&#xF3;mica del proyecto para su propuesta e instalaci&#xF3;n, innovando en la parte tecnol&#xF3;gica y de inocuidad.   Bread is a food that is present in the daily diet of Mexicans; by tradition, culture, gastronomy and cost, this has meant that Mexico is a country with the highest variety in presentation and flavors, having more than 1,000 types of sweet and savory bread. In this paper, the feasibility of a business plan was determined and a Good Manufacturing Practices Manual was designed in the state of Oaxaca, Mexico, in the municipality of Santa Maria Huazolotitl&#xE1;n. According to the methodology used, it is a viable option to establish a semi mechanized bakery, due the high demand of the product and the purchasing power population. To design the Good Manufacturing Practices (GMP) manual, environment data, available services, infrastructure, equipment, raw materials and maintenance were used. The program design was developed under the guidelines suggested by the Codex Alimentarius, the International HACCP Alliance and SENASICA and SSA regulations. Resulting in a positive way the economic feasibility of the project proposal and installation, innovating in the technological and safety parts.</controlfield>
  <controlfield tag="002">ESTUDIO DE FACTIBILIDAD Y BUENAS PRACTICAS DE MANU</controlfield>
  <controlfield tag="008">220117s    xx            000 0 und d</controlfield>
  <datafield tag="010" ind1=" " ind2=" ">
    <subfield code="a">180426</subfield>
  </datafield>
  <datafield tag="530" ind1=" " ind2=" ">
    <subfield code="a">Disponible en PDF</subfield>
  </datafield>
  <datafield tag="650" ind1=" " ind2=" ">
    <subfield code="a">Baked goods  </subfield>
    <subfield code="9">149794</subfield>
  </datafield>
  <datafield tag="650" ind1=" " ind2=" ">
    <subfield code="a">Buenas pr&#xE1;cticas de fabricaci&#xF3;n  </subfield>
    <subfield code="9">148349</subfield>
  </datafield>
  <datafield tag="650" ind1=" " ind2="0">
    <subfield code="a">Entrepreneurship</subfield>
    <subfield code="z">M&#xE9;xico</subfield>
    <subfield code="z">Oaxaca</subfield>
    <subfield code="9">149795</subfield>
  </datafield>
  <datafield tag="650" ind1=" " ind2=" ">
    <subfield code="a">Good manufacturing practices  </subfield>
    <subfield code="9">148471</subfield>
  </datafield>
  <datafield tag="650" ind1=" " ind2="0">
    <subfield code="a">Iniciativa empresarial</subfield>
    <subfield code="z">M&#xE9;xico</subfield>
    <subfield code="z">Oaxaca  </subfield>
    <subfield code="9">149796</subfield>
  </datafield>
  <datafield tag="650" ind1=" " ind2=" ">
    <subfield code="a">Productos horneados  </subfield>
    <subfield code="9">149328</subfield>
  </datafield>
  <datafield tag="700" ind1=" " ind2=" ">
    <subfield code="a">Buend&#xED;a Gonz&#xE1;lez, Ma. Ofelia, asesor </subfield>
    <subfield code="9">163654</subfield>
  </datafield>
  <datafield tag="700" ind1=" " ind2=" ">
    <subfield code="a">L&#xF3;pez Bautista, Vicente, asesor</subfield>
    <subfield code="9">163655</subfield>
  </datafield>
  <datafield tag="700" ind1=" " ind2=" ">
    <subfield code="a">L&#xF3;pez D&#xED;az, Cirenia Magdalena, coaut. </subfield>
    <subfield code="9">149797</subfield>
  </datafield>
  <datafield tag="700" ind1="1" ind2=" ">
    <subfield code="a">Mart&#xED;nez Mosqueda, Francisco</subfield>
    <subfield code="9">148600</subfield>
  </datafield>
  <datafield tag="942" ind1=" " ind2=" ">
    <subfield code="c">TESIS H84 2015</subfield>
  </datafield>
  <datafield tag="999" ind1=" " ind2=" ">
    <subfield code="c">180426</subfield>
    <subfield code="d">180426</subfield>
  </datafield>
</record>
